| 000 | 01318cam a22003614a 4500 | ||
|---|---|---|---|
| 001 | 13464015 | ||
| 003 | OSt | ||
| 005 | 20211027120158.0 | ||
| 008 | 040121s2004 maua b 001 0 eng | ||
| 010 | _a 2004001373 | ||
| 020 | _a0072454261 (hardcover : alk. paper) | ||
| 038 | _akhadija | ||
| 040 |
_aDLC _cDLC _dDLC |
||
| 042 | _apcc | ||
| 050 | 0 | 0 |
_aTJ265 _b.C42 2005 |
| 082 | 0 | 0 |
_a621.402 _222 _bCEN |
| 100 | 1 |
_aÇengel, Yunus A. _92462 |
|
| 245 | 1 | 0 |
_aFundamentals of Thermal-Fluid Sciences / _cYunus A. Cengel, Robert H. Turner. |
| 250 | _a2nd ed. | ||
| 260 |
_aBoston : _bMcGraw-Hill Companies, _cc2005. |
||
| 300 |
_axxv, 1206 p. : _bcol. ill. ; _c27 cm. + _e1 CD-ROM (4 3/4 in.) |
||
| 440 | 0 |
_aMcGraw-Hill series in mechanical engineering _93283 |
|
| 504 | _aIncludes bibliographical references and index. | ||
| 563 | _aHardcover | ||
| 650 | 0 |
_aThermodynamics. _97134 |
|
| 650 | 0 |
_aHeat _xTransmission. _91537 |
|
| 650 | 0 |
_aFluid mechanics. _91678 |
|
| 700 | 1 |
_aTurner, Robert H. _955539 |
|
| 856 | 4 | 1 |
_3Table of contents _uhttp://www.loc.gov/catdir/toc/ecip0414/2004001373.html |
| 906 |
_a7 _bcbc _corignew _d1 _eecip _f20 _gy-gencatlg |
||
| 942 |
_2ddc _cBK |
||
| 999 |
_c31742 _d31742 |
||